000
00481nam a2200133Ia 4500
008
100328s9999 xx 000 0 und d
082
_b
58197
100
_a
नाडकर्णी सुरेश-संपा.
245
_a
क्रीडा ज्ञानकोश.
260
_b
मेहता पब्लिशिंग हाऊस.
630
_a
क्रीडा ज्ञानकोश.
730
_a
क्रीडा ज्ञानकोश.
942
_c
BOOK
999
_c
544555
_d
544552